|
|
|
|
| LEADER |
01444nam a2200373 a 4500 |
| 001 |
000616239 |
| 003 |
CZ BrMZK |
| 005 |
20061024145253.0 |
| 007 |
ta |
| 008 |
020812s2002 xr f cze d |
| 015 |
|
|
|a cnb001183091
|
| 020 |
|
|
|a 80-7262-162-9
|
| 035 |
|
|
|a (OCoLC)53272578
|
| 040 |
|
|
|a BOA001
|b cze
|
| 041 |
1 |
|
|a cze
|a eng
|a slo
|
| 072 |
|
7 |
|a 616.89
|x Psychiatrie
|2 Konspekt
|9 14
|
| 080 |
|
|
|a 616.89
|2 MRF
|
| 080 |
|
|
|a 61
|2 MRF
|
| 080 |
|
|
|a (062.534)
|2 MRF
|
| 245 |
0 |
0 |
|a Psychiatrie v medicíně a medicína v psychiatrii :
|b sborník přednášek a abstrakt IV. sjezdu České psychiatrické společnosti ČLS JEP, konaném ve Špindlerově Mlýně ve dnech 13.-16. června 2002 /
|c Jiří Raboch, Pavel Doubek, Irena Zrzavecká - pořadatelé
|
| 250 |
|
|
|a 1. vyd.
|
| 260 |
|
|
|a Praha :
|b Galén,
|c c2002
|
| 300 |
|
|
|a 296 s. :
|b il. ;
|c 23 cm
|
| 500 |
|
|
|a Částečně anglický a slovenský text
|
| 504 |
|
|
|a Obsahuje bibliografie a rejstřík
|
| 650 |
0 |
7 |
|a psychiatrie
|7 ph115943
|2 czenas
|
| 650 |
0 |
7 |
|a lékařství
|7 ph115195
|2 czenas
|
| 655 |
|
7 |
|a sborníky konferencí
|7 fd133333
|2 czenas
|
| 700 |
1 |
|
|a Doubek, Pavel,
|d 1970-
|7 nlk20030127577
|4 edt
|
| 700 |
1 |
|
|a Zrzavecká, Irena,
|d 1959-
|7 jn20001227546
|4 edt
|
| 700 |
1 |
|
|a Raboch, Jiří,
|d 1951-
|7 jn20000402087
|4 edt
|
| 910 |
|
|
|a BOA001
|b 2-1105.458
|
| 990 |
|
|
|a BK
|
| 996 |
6 |
|
|b 2610167150
|c 2-1105.458
|l MZK
|r Sklad / do 1 hodiny
|n 2
|p p.v.
|w 000616239
|u 000010
|a 1
|e BOA001
|j MZK50
|s P
|